Subjekty a formy podpory doktorandského štúdia

Doktorand ako študent, pedagóg, zamestnanec a výskumný pracovník v jednej osobe. Podpora zo strany Európskej únie ako nadnárodnej vládnej autority. Programy Európskej únie na podporu vedy, výskumu a vzdelávania. Podpora zo strany štátu. Podpora doktorandského štúdia z regionálnej a miestnej vládnej...

Ausführliche Beschreibung

Gespeichert in:
Bibliographische Detailangaben
1. Verfasser: Neubauerová, Erika, 1968-
Format: Buchkapitel
Sprache:Slowakisch
Schlagworte:
Tags: Tag hinzufügen
Keine Tags, Fügen Sie das erste Tag hinzu!

MARC

LEADER 00000nla$a2200000$$$4500
001 0065581
005 20240502071757.9
041 0 |a slo 
044 |a SK 
245 1 0 |a Subjekty a formy podpory doktorandského štúdia  |c Erika Neubauerová 
520 |a Doktorand ako študent, pedagóg, zamestnanec a výskumný pracovník v jednej osobe. Podpora zo strany Európskej únie ako nadnárodnej vládnej autority. Programy Európskej únie na podporu vedy, výskumu a vzdelávania. Podpora zo strany štátu. Podpora doktorandského štúdia z regionálnej a miestnej vládnej úrovne. Formy podpory doktorandského štúdia. 
610 2 0 |a vzdelávanie dospelých 
610 2 0 |a vzdelávanie vysokoškolské 
610 2 0 |a štúdium doktorandské 
610 2 0 |a študenti 
610 2 0 |a zamestnanci 
610 2 0 |a štúdium denné 
610 2 0 |a financie 
610 2 0 |a štát 
610 2 0 |a samospráva miestna 
100 1 |a Neubauerová, Erika, 1968-